[Event "ch-FRA Blitz Online Qual"]
[Site "Europe-Chess INT"]
[Date "2020.05.16"]
[Round "5"]
[White "Joly, Julien"]
[Black "Guadalpi, David"]
[Result "1-0"]
[BlackTitle "FM"]
[WhiteElo "2188"]
[BlackElo "2272"]
[WhiteFideId "26082284"]
[BlackFideId "603244"]
[EventDate "2020.05.16"]

1. e4 d6 2. d4 Nf6 3. Nc3 e5 4. Nge2 Nbd7 5. g3 c6 6. Bg2 b5 7. a3 a5 8. O-O Ba6
9. b4 Be7 10. h3 O-O 11. Kh2 Qc7 12. f4 Rfe8 13. g4 Nb6 14. g5 Nfd7 15. dxe5
dxe5 16. f5 axb4 17. axb4 Bxb4 18. g6 hxg6 19. fxg6 fxg6 20. Qd3 Na4 21. Nd1 Nf8
22. Qb3+ Ne6 23. Qxb4 Bb7 24. c4 Nac5 25. Rxa8 Rxa8 26. cxb5 cxb5 27. Ne3 Qc6
28. Nd5 Nd3 1-0

[Event "ch-FRA Blitz Online Qual"]
[Site "Europe-Chess INT"]
[Date "2020.05.16"]
[Round "5"]
[White "Khachatryan, Samvel S."]
[Black "Materia, Marco"]
[Result "0-1"]
[BlackTitle "FM"]
[WhiteElo "2179"]
[BlackElo "2269"]
[WhiteFideId "13309048"]
[BlackFideId "45150451"]
[EventDate "2020.05.16"]

1. e4 c5 2. Nc3 e6 3. d3 Nc6 4. g3 d5 5. Bg2 dxe4 6. Nxe4 Nf6 7. f4 Be7 8. Ne2
O-O 9. O-O Qc7 10. Bd2 b6 11. Bc3 Nd5 12. Bd2 Bb7 13. N2c3 Rad8 14. Nxd5 exd5
15. Nc3 Nd4 16. Be3 Bf6 17. Kh1 Qd7 18. Bxd4 Bxd4 19. Rb1 Rfe8 20. Ne2 Bf6 21.
Qd2 d4 22. Ng1 Re3 23. Bxb7 Qxb7+ 24. Qg2 Qe7 25. Qf2 Re8 26. a3 Qe6 27. Ra1 h6
28. b4 c4 29. Rad1 cxd3 30. cxd3 Qb3 31. Qd2 Qxa3 32. Ra1 Qxd3 33. Qxd3 Rxd3 34.
Rxa7 Rb3 35. Nf3 Rxb4 36. Ne5 Bxe5 37. fxe5 Rxe5 38. Rfxf7 Re2 39. Rxg7+ Kf8 40.
Rgf7+ Ke8 41. Kg1 Rbb2 42. h4 d3 43. g4 d2 44. Rfd7 Rb1# 0-1

[Event "ch-FRA Blitz Online Qual"]
[Site "Europe-Chess INT"]
[Date "2020.05.16"]
[Round "5"]
[White "Louistisserand, Patrick"]
[Black "Haberthur, Maxime"]
[Result "1-0"]
[WhiteTitle "FM"]
[WhiteElo "2245"]
[BlackElo "1941"]
[WhiteFideId "635049"]
[BlackFideId "36097551"]
[EventDate "2020.05.16"]

1. d4 d5 2. c4 c6 3. Nc3 Nf6 4. e3 a6 5. Qb3 e6 6. a4 a5 7. Nf3 Na6 8. Be2 Nb4
9. O-O Be7 10. Bd2 O-O 11. Na2 Nxa2 12. Qxa2 b6 13. Ne5 Qc7 14. Rfc1 Ba6 15. Bf3
Qb7 16. cxd5 cxd5 17. Rc6 Rac8 18. Rac1 Bc4 19. R6xc4 1-0

[Event "ch-FRA Blitz Online Qual"]
[Site "Europe-Chess INT"]
[Date "2020.05.16"]
[Round "5"]
[White "Saada, Julien"]
[Black "Lamaze, Simon"]
[Result "0-1"]
[WhiteTitle "FM"]
[BlackTitle "CM"]
[WhiteElo "2250"]
[BlackElo "2185"]
[WhiteFideId "625388"]
[BlackFideId "36069264"]
[EventDate "2020.05.16"]

1. d4 Nf6 2. Bg5 d5 3. Bxf6 exf6 4. e3 g6 5. Bd3 Bg7 6. Ne2 O-O 7. Nf4 c6 8. Nd2
Re8 9. Qf3 Re7 10. c3 Qe8 11. O-O-O f5 12. h3 b5 13. g4 fxg4 14. hxg4 b4 15. c4
Ba6 16. cxd5 Bxd3 17. Nxd3 cxd5 18. Qxd5 Nc6 19. Kb1 Rd8 20. Qc4 Rb7 21. Nc5
Rbb8 22. Rc1 Rbc8 23. Nb7 Nxd4 24. Qxb4 Rxc1+ 25. Rxc1 Nc6 26. Rxc6 Rxd2 27.
Qxd2 Qxc6 28. Nd6 Bf8 29. Nxf7 Kxf7 30. a3 Qe4+ 31. Ka2 Qxg4 32. Qa5 Qe6+ 33.
Ka1 a6 34. Qc7+ Be7 35. Qf4+ Qf6 36. Qc4+ Kg7 37. Ka2 Qf7 38. Kb3 Qxc4+ 39. Kxc4
h5 40. Kd5 h4 41. Ke4 Kf6 42. Kf4 a5 43. a4 Bb4 44. e4 Bd6+ 45. Kg4 g5 46. f3
Kg6 47. b3 Be5 48. Kh3 Kh5 49. Kg2 g4 50. fxg4+ Kxg4 0-1

[Event "ch-FRA Blitz Online Qual"]
[Site "Europe-Chess INT"]
[Date "2020.05.16"]
[Round "5"]
[White "Cleran, Anthony"]
[Black "Saya, Ethan"]
[Result "0-1"]
[WhiteElo "1933"]
[BlackElo "2199"]
[WhiteFideId "626066"]
[BlackFideId "26095181"]
[EventDate "2020.05.16"]

1. e4 e6 2. d4 d5 3. exd5 exd5 4. Bd3 Nf6 5. Bf4 Bd6 6. Ne2 Bg4 7. f3 Bh5 8.
Nbc3 O-O 9. Qd2 Bg6 10. Bg5 c6 11. O-O-O Nbd7 12. f4 Bxd3 13. Qxd3 b5 14. Rdf1
a5 15. Ng3 a4 16. Nf5 Qc7 17. Nxd6 Qxd6 18. h4 b4 19. Nb1 c5 20. h5 c4 21. Qh3
h6 22. Bh4 b3 23. axb3 cxb3 24. c3 a3 25. Nxa3 Rxa3 26. g4 Ne4 27. bxa3 Qxa3+
28. Kd1 Re8 29. g5 Qa1+ 30. Ke2 Nxg5+ 0-1

[Event "ch-FRA Blitz Online Qual"]
[Site "Europe-Chess INT"]
[Date "2020.05.16"]
[Round "5"]
[White "Hejazipour, Mitra"]
[Black "Casas, Alexandre"]
[Result "1-0"]
[WhiteTitle "WGM"]
[WhiteElo "2300"]
[BlackElo "1933"]
[WhiteFideId "12505951"]
[BlackFideId "45173451"]
[EventDate "2020.05.16"]

1. Nf3 f5 2. g3 Nf6 3. Bg2 e6 4. O-O d5 5. d4 Bd6 6. c4 c6 7. b3 O-O 8. Bb2 Qe7
9. Nbd2 Ba3 10. Bxa3 Qxa3 11. Qc2 a5 12. Ne5 Qe7 13. c5 Nbd7 14. Ndf3 Nxe5 15.
Nxe5 Ne4 16. f3 Nf6 17. e4 Nd7 18. exd5 exd5 19. Rae1 Nxe5 20. Rxe5 Qf6 21. Rfe1
Bd7 22. R1e3 Rae8 23. f4 h6 24. Qe2 Rxe5 25. Rxe5 Qf7 26. Qe1 a4 27. bxa4 Re8
28. Kf2 Rxe5 29. Qxe5 Qe8 30. Qxe8+ Bxe8 31. Ke3 g5 32. Kd3 Kg7 33. Kc3 Bh5 34.
Kb4 Be2 35. Ka5 Ba6 36. Bf3 Kg6 37. Kb6 h5 38. h4 gxh4 39. gxh4 Kh6 40. Kc7 Kg6
41. Kd6 Bc4 42. a3 Bb3 43. a5 Bc4 44. Ke5 Ba6 45. Bd1 Bd3 46. Kd6 Kf6 47. Kc7
Ba6 48. Bc2 Ke6 49. Bd1 Kf6 50. Bxh5 Kg7 51. Kb6 Kf6 52. Be8 Kg7 53. Bxc6 bxc6
54. Kxa6 1-0

[Event "ch-FRA Blitz Online Qual"]
[Site "Europe-Chess INT"]
[Date "2020.05.16"]
[Round "5"]
[White "Song, Julien"]
[Black "Sesia, Noah"]
[Result "0-1"]
[WhiteTitle "IM"]
[WhiteElo "2306"]
[BlackElo "1822"]
[WhiteFideId "659487"]
[BlackFideId "26066904"]
[EventDate "2020.05.16"]

1. d4 d5 2. c4 e5 3. dxe5 d4 4. a3 Nc6 5. Nf3 Nge7 6. b4 Ng6 7. Bb2 Bg4 8. b5
Ncxe5 9. Nxe5 Nxe5 10. Qxd4 Qxd4 11. Bxd4 Nxc4 12. e3 Nd6 13. Nd2 O-O-O 14. Be2
Be6 15. O-O Be7 16. Rfc1 Nf5 17. Bc3 Rhe8 18. Bf3 Nh4 19. Be2 Bf6 20. Bxf6 gxf6
21. Nc4 Ng6 22. a4 Ne5 23. Na5 Kb8 24. Rc3 Rd2 25. Kf1 Red8 26. Rac1 Nd3 27.
Bxd3 R8xd3 28. Rxc7 Rd1+ 29. Ke2 Bg4+ 30. f3 R3d2# 0-1

[Event "ch-FRA Blitz Online Qual"]
[Site "Europe-Chess INT"]
[Date "2020.05.16"]
[Round "5"]
[White "Gherghinoiu, Lucas"]
[Black "Buksa, Nataliya"]
[Result "0-1"]
[BlackTitle "IM"]
[WhiteElo "2089"]
[BlackElo "2410"]
[WhiteFideId "36051462"]
[BlackFideId "14123622"]
[EventDate "2020.05.16"]

1. e4 c5 2. Nf3 Nc6 3. d4 cxd4 4. Nxd4 Nf6 5. Nc3 e5 6. Ndb5 d6 7. Bg5 a6 8. Na3
b5 9. Nd5 Be7 10. Bxf6 Bxf6 11. c3 Bg5 12. Be2 Rb8 13. Nc2 O-O 14. O-O Be6 15.
Qd3 Ne7 16. Ncb4 Nxd5 17. Nxd5 Qd7 18. Rad1 Bd8 19. f4 exf4 20. Nxf4 Bb6+ 21.
Kh1 Rbd8 22. Nd5 Ba7 23. Qg3 f5 24. exf5 Bxf5 25. Rde1 Kh8 26. Bf3 Rde8 27. Rxe8
Rxe8 28. Bh5 Rf8 29. Bg4 Qe6 30. Nf4 Qe5 31. Re1 Qc5 32. b4 Qc8 33. Ne6 Bxe6 34.
Bxe6 Qxe6 0-1

[Event "ch-FRA Blitz Online Qual"]
[Site "Europe-Chess INT"]
[Date "2020.05.16"]
[Round "5"]
[White "Navrotescu, Andreea-Cristiana"]
[Black "Eveno, Nathan"]
[Result "0-1"]
[WhiteTitle "WIM"]
[WhiteElo "2284"]
[BlackElo "2069"]
[WhiteFideId "675946"]
[BlackFideId "45132178"]
[EventDate "2020.05.16"]

1. d4 d5 2. c4 e6 3. Nc3 c5 4. cxd5 exd5 5. Nf3 Nc6 6. g3 Nf6 7. Bg2 Be7 8. O-O
O-O 9. Bg5 c4 10. Ne5 Be6 11. Nxc6 bxc6 12. b3 Qa5 13. Na4 Rac8 14. bxc4 dxc4
15. Rb1 Qxg5 16. Rb7 Bd6 17. Rxa7 Bd5 18. Nb6 Rb8 19. Nd7 Nxd7 20. Rxd7 Bxg2 21.
Kxg2 Rfd8 22. Rxd8+ Rxd8 23. Qa4 Qd5+ 24. Kg1 Qxd4 25. Qxc6 Qc5 26. Qe4 c3 27.
Rc1 Rc8 28. Rc2 g6 29. Qd3 Be5 30. Kg2 Bf6 31. h4 Rd8 32. Qa6 Rd2 33. Rc1 h5 34.
Qxf6 c2 35. Qf3 Rd1 36. Qf4 Qc3 37. Qb8+ Kg7 38. Qf4 Qe1 39. Qe5+ Kh7 40. Kf3
Rxc1 41. Qf6 Qh1+ 42. Kf4 Qd5 43. Qb2 Qf5+ 44. Ke3 Rb1 0-1

[Event "ch-FRA Blitz Online Qual"]
[Site "Europe-Chess INT"]
[Date "2020.05.16"]
[Round "5"]
[White "Durand-Le Ludec, Brendan-Budok"]
[Black "Coiffait, Pierre-Basile"]
[Result "0-1"]
[WhiteElo "2205"]
[BlackElo "2261"]
[WhiteFideId "26064340"]
[BlackFideId "20665342"]
[EventDate "2020.05.16"]

1. e4 e5 2. Bc4 Nf6 3. Qf3 Nc6 4. Ne2 d6 5. Nbc3 h5 6. h3 Na5 7. d3 Nxc4 8. dxc4
Be6 9. b3 Qd7 10. O-O Be7 11. Rd1 O-O-O 12. Qe3 Kb8 13. a4 Qc6 14. Nb5 Qb6 15.
Nec3 c6 16. Qxb6 axb6 17. Na3 Kc7 18. Be3 Nd7 19. b4 Ra8 20. f3 f5 21. b5 Nc5
22. Bxc5 bxc5 23. Kf1 g5 24. exf5 Bxf5 25. Rd2 Rhd8 26. Rad1 g4 27. hxg4 hxg4
28. bxc6 bxc6 29. Kf2 Bg5 30. Re2 Rh8 31. Nab5+ cxb5 32. Nxb5+ Kc6 33. Rxd6+ Kb7
34. Rxe5 g3+ 35. Kxg3 Bh4+ 36. Kf4 Bc8 37. Rg6 Bf2 38. Rg7+ Kb6 39. Reg5 Rf8+
40. Ke5 Bb7 41. R5g6+ Bc6 42. Rc7 Rae8+ 43. Kd6 Rd8+ 44. Ke7 Bh4+ 45. Rf6 Bxf6+
46. Ke6 Bxb5 47. axb5 Kxc7 48. b6+ Kxb6 49. g4 Kc6 50. g5 Bxg5 51. f4 Bxf4 52.
c3 Rde8# 0-1

[Event "ch-FRA Blitz Online Qual"]
[Site "Europe-Chess INT"]
[Date "2020.05.16"]
[Round "5"]
[White "Bouget, Alexandre"]
[Black "Lebrun, Elias"]
[Result "1-0"]
[WhiteTitle "FM"]
[WhiteElo "2238"]
[BlackElo "1880"]
[WhiteFideId "681318"]
[BlackFideId "26073110"]
[EventDate "2020.05.16"]

1. d4 Nf6 2. c4 e6 3. Nc3 Bb4 4. Nf3 O-O 5. Bg5 h6 6. Bh4 d5 7. cxd5 exd5 8. e3
Bg4 9. Bd3 Nbd7 10. h3 Bxf3 11. Qxf3 c6 12. O-O Be7 13. Qf5 g6 14. Qf3 Kg7 15.
Bg3 Nh5 16. Bh2 f5 17. g4 fxg4 18. Qxg4 Qe8 19. Kh1 Ndf6 20. Be5 Kh7 21. Qg2 Rd8
22. Rg1 Bd6 23. Bxg6+ Kh8 24. Bxe8 Rfxe8 25. Bxf6+ 1-0

[Event "ch-FRA Blitz Online Qual"]
[Site "Europe-Chess INT"]
[Date "2020.05.16"]
[Round "5"]
[White "Dubois, Martine"]
[Black "Coutton, Sylvain"]
[Result "0-1"]
[WhiteTitle "WIM"]
[WhiteElo "1802"]
[BlackElo "2185"]
[WhiteFideId "601926"]
[BlackFideId "610194"]
[EventDate "2020.05.16"]

1. e4 e5 2. Nf3 Nc6 3. Nc3 Nf6 4. g3 d5 5. exd5 Nxd5 6. Bg2 Bg4 7. h3 Bh5 8.
Nxd5 Qxd5 9. g4 Bg6 10. O-O Be7 11. Re1 e4 12. Nh2 O-O-O 13. d3 Qe5 14. f4 Bc5+
15. Kh1 Qd6 16. f5 h5 17. fxg6 hxg4 18. Qxg4+ Kb8 19. Bxe4 f6 20. Bf4 Qd4 21. c3
Qa4 22. b3 Qa6 23. b4 Bd6 24. b5 Qxb5 25. Rab1 Qc5 26. Bxc6 Qxc6+ 0-1

[Event "ch-FRA Blitz Online Qual"]
[Site "Europe-Chess INT"]
[Date "2020.05.16"]
[Round "5"]
[White "Robert, Yoann"]
[Black "Ioannidis, Evgenios"]
[Result "0-1"]
[BlackTitle "IM"]
[WhiteElo "2071"]
[BlackElo "2401"]
[WhiteFideId "36018805"]
[BlackFideId "4229274"]
[EventDate "2020.05.16"]

1. b3 e5 2. Bb2 Nc6 3. e3 Nf6 4. c4 d5 5. cxd5 Nxd5 6. d3 Bb4+ 7. Nd2 O-O 8. a3
Be7 9. Qc2 a5 10. Ngf3 f6 11. Be2 Be6 12. Rg1 Qd7 13. h3 Rfd8 14. g4 a4 15. b4
Ndxb4 16. axb4 Nxb4 17. Qb1 Nxd3+ 18. Bxd3 Qxd3 19. Qxd3 Rxd3 20. Ke2 Rd7 21. g5
Kf7 22. gxf6 gxf6 23. Ba3 Bxa3 24. Rxa3 b5 25. Rb1 c6 26. Rc3 Ra6 27. Ne4 Bf5
28. Nc5 Bxb1 29. Nxa6 Rd6 30. Nb4 Be4 31. Nd2 Bf5 32. Rxc6 Rxc6 33. Nxc6 Bxh3
34. Nb1 Bd7 35. Nb4 Ke6 36. Nc3 f5 37. Nd3 Kd6 38. f4 e4 39. Ne5 Be8 40. Kd2 b4
41. Nb1 a3 42. Nxa3 bxa3 43. Nc4+ Kc5 44. Nxa3 Kb4 45. Nc2+ Kc4 46. Nd4 Bd7 47.
Ke2 Kc3 48. Kf2 Kd3 49. Ne2 h5 50. Ng3 h4 51. Nf1 Kc2 52. Ke1 Bb5 53. Nh2 Kc1
54. Kf2 Kd2 0-1

[Event "ch-FRA Blitz Online Qual"]
[Site "Europe-Chess INT"]
[Date "2020.05.16"]
[Round "5"]
[White "De Seroux, Camille"]
[Black "Geronimi, Jean-Thomas"]
[Result "0-1"]
[WhiteTitle "WIM"]
[WhiteElo "2137"]
[BlackElo "1827"]
[WhiteFideId "1305620"]
[BlackFideId "36098515"]
[EventDate "2020.05.16"]

1. e4 c5 2. Nc3 Nc6 3. Bb5 Nd4 4. Bc4 g6 5. Nf3 Bg7 6. Nxd4 cxd4 7. Qf3 e6 8.
Nb5 d6 9. Qa3 Be5 10. d3 a6 11. f4 axb5 12. Qxa8 bxc4 13. fxe5 cxd3 14. cxd3
dxe5 15. O-O Ne7 16. Bh6 Qd7 17. Bg7 Rg8 18. Bxe5 Nc6 19. Bg3 e5 20. Qa3 Qe7 21.
Qxe7+ Kxe7 22. Rac1 Be6 23. a3 Kd6 24. b4 b6 25. b5 Na5 26. a4 f5 27. exf5 gxf5
28. Rfe1 f4 29. Bh4 Bd5 30. g3 f3 31. Kf2 Bb7 32. Bf6 Re8 33. h4 Bd5 34. g4 Nb3
35. Rc2 Na5 36. g5 Nb3 37. h5 Nc5 38. a5 Nxd3+ 39. Kf1 Nxe1 40. Kxe1 bxa5 41. g6
hxg6 42. hxg6 Be4 43. Rc1 Bxg6 44. Kf2 Kd5 45. b6 e4 46. b7 Bf5 47. Bg5 Bg4 48.
Bf4 e3+ 49. Kg3 e2 50. Kf2 d3 51. b8=Q Rxb8 52. Bxb8 d2 53. Bf4 d1=Q 54. Rxd1+
exd1=Q 55. Be3 Qe2+ 56. Kg3 Qxe3 57. Kxg4 f2 0-1

[Event "ch-FRA Blitz Online Qual"]
[Site "Europe-Chess INT"]
[Date "2020.05.16"]
[Round "5"]
[White "Neau, Julien"]
[Black "Derige Kane, Yan"]
[Result "1-0"]
[WhiteElo "1916"]
[BlackElo "2236"]
[WhiteFideId "631388"]
[BlackFideId "20665431"]
[EventDate "2020.05.16"]

1. d4 Nf6 2. c4 e6 3. Nc3 Bb4 4. e3 b6 5. Ne2 Bb7 6. a3 Be7 7. d5 O-O 8. e4 d6
9. Ng3 Nbd7 10. Bd3 Nc5 11. Bc2 a5 12. O-O Re8 13. Be3 Ncd7 14. h3 Bf8 15. b4 g6
16. Qd2 Ne5 17. Bb3 Bc8 18. f4 Ned7 19. e5 dxe5 20. fxe5 Nxe5 21. Bg5 Be7 22.
Qd4 exd5 23. cxd5 Bb7 24. Kh1 Nfd7 25. Bxe7 Qxe7 26. Rae1 f6 27. d6+ Qf7 28.
Bxf7+ Kxf7 29. dxc7 axb4 30. axb4 Rac8 31. Nge4 Rxc7 32. Nd6+ Ke7 33. Nxe8 Kxe8
34. Rxf6 Rc4 35. Rxe5+ Nxe5 36. Qxe5+ Kd7 37. Qd6+ Kc8 38. Rf8# 1-0

[Event "ch-FRA Blitz Online Qual"]
[Site "Europe-Chess INT"]
[Date "2020.05.16"]
[Round "5"]
[White "Sumarriva Paulin, Laura"]
[Black "Luminais, Eric"]
[Result "0-1"]
[WhiteTitle "WFM"]
[WhiteElo "2023"]
[BlackElo "2161"]
[WhiteFideId "45102635"]
[BlackFideId "610372"]
[EventDate "2020.05.16"]

1. e4 c5 2. Nc3 e6 3. g3 Nc6 4. Bg2 g6 5. d3 Bg7 6. Nge2 Nge7 7. O-O O-O 8. Be3
b6 9. Qd2 Nd4 10. Bh6 Bxh6 11. Qxh6 Nxc2 12. Rac1 Nb4 13. Rcd1 Bb7 14. f4 f5 15.
d4 d5 16. dxc5 bxc5 17. a3 Nc2 18. Rd3 Qb6 19. Kh1 c4 20. Rd2 Ne3 21. Rb1 Nxg2
22. Kxg2 fxe4 23. Nd4 e3 24. Rdd1 Nf5 25. Nxf5 d4+ 26. Kg1 exf5 27. Na4 Qc6 0-1

[Event "ch-FRA Blitz Online Qual"]
[Site "Europe-Chess INT"]
[Date "2020.05.16"]
[Round "5"]
[White "Koelsch, Gilbert"]
[Black "Duquesne, Adrien"]
[Result "0-1"]
[WhiteTitle "CM"]
[WhiteElo "2159"]
[BlackElo "2147"]
[WhiteFideId "612243"]
[BlackFideId "20650582"]
[EventDate "2020.05.16"]

1. e4 c5 2. Nc3 e6 3. f4 Nc6 4. Nf3 g6 5. d4 cxd4 6. Nxd4 a6 7. Be3 Bg7 8. Qd2
Nge7 9. Be2 O-O 10. O-O d5 11. Rad1 dxe4 12. Nxe4 Qc7 13. Nc3 Rd8 14. Nxc6 Rxd2
15. Nxe7+ Qxe7 16. Rxd2 Bd7 17. Rfd1 Bc6 18. Bb6 Qb4 19. Bc7 Qc5+ 20. Kh1 Bxg2+
21. Kxg2 Qxc7 22. Ne4 Bxb2 23. Bf3 Kg7 24. Rd7 Qxf4 0-1

[Event "ch-FRA Blitz Online Qual"]
[Site "Europe-Chess INT"]
[Date "2020.05.16"]
[Round "5"]
[White "Fretel, Liza"]
[Black "Hutois, Mickael"]
[Result "0-1"]
[BlackTitle "FM"]
[WhiteElo "1934"]
[BlackElo "2261"]
[WhiteFideId "26045460"]
[BlackFideId "652091"]
[EventDate "2020.05.16"]

1. e4 e5 2. Nf3 Nc6 3. Bc4 Nf6 4. d3 h6 5. O-O d6 6. a4 g6 7. a5 a6 8. Nbd2 Bg7
9. c3 O-O 10. Re1 Nh5 11. Nf1 Kh8 12. Ng3 Nf4 13. Bxf4 exf4 14. Ne2 g5 15. Nfd4
Ne5 16. f3 c5 17. Nf5 Bxf5 18. exf5 Qf6 19. Bd5 Nc6 20. Be4 Rab8 21. c4 Qxb2 22.
Rb1 Qf6 23. Qa4 Ne7 24. Rxb7 Nxf5 25. Reb1 Rxb7 26. Bxb7 Nd4 27. Qd1 Re8 28. Be4
Nxe2+ 29. Qxe2 Qd4+ 30. Kf1 f5 31. Bxf5 Rxe2 32. Kxe2 Bf8 33. Re1 Qc3 34. Kf1
Qxa5 35. Re8 Kg7 36. Re6 Qd2 37. Rg6+ Kf7 38. Re6 a5 39. Re2 Qc1+ 40. Re1 Qb2
41. Re2 Qb3 42. Kf2 a4 43. Be6+ Kf6 44. Bf5 a3 45. d4 Kxf5 46. dxc5 dxc5 47. g4+
fxg3+ 48. hxg3 a2 49. g4+ Kf6 50. f4 gxf4 0-1

[Event "ch-FRA Blitz Online Qual"]
[Site "Europe-Chess INT"]
[Date "2020.05.16"]
[Round "5"]
[White "Ellis, Antoine"]
[Black "Iglesias, Christophe"]
[Result "0-1"]
[WhiteElo "2066"]
[BlackElo "1815"]
[WhiteFideId "36019992"]
[BlackFideId "551007584"]
[EventDate "2020.05.16"]

1. d4 d5 2. c4 c6 3. Nf3 Nf6 4. Nbd2 e6 5. e3 Nbd7 6. Bd3 Bd6 7. O-O O-O 8. b3
e5 9. cxd5 cxd5 10. dxe5 Nxe5 11. Be2 Nc6 12. Bb2 Bg4 13. h3 Bf5 14. Nd4 Nxd4
15. Bxd4 Qe7 16. Rc1 Ba3 17. Rc3 Bb2 18. Bc5 Qc7 19. Bxf8 Bxc3 20. Ba3 Qa5 21.
Bc1 Qxa2 22. Bf3 Ne4 23. Nxe4 dxe4 24. Be2 Be6 25. Bg4 Qxb3 26. Qe2 f5 27. Bh5
g6 28. Rd1 gxh5 29. Qxh5 Bf6 30. Rd6 Qc4 31. Ba3 Kg7 32. g4 fxg4 33. hxg4 Rc8
34. g5 Kh8 35. gxf6 Rg8+ 36. Kh2 Qf1 37. Qg5 Rxg5 38. Rd8+ Rg8 39. f7 Qg2# 0-1

[Event "ch-FRA Blitz Online Qual"]
[Site "Europe-Chess INT"]
[Date "2020.05.16"]
[Round "5"]
[White "Bernard, Mathis"]
[Black "Defromont, Benjamin"]
[Result "1-0"]
[BlackTitle "FM"]
[WhiteElo "1880"]
[BlackElo "2236"]
[WhiteFideId "36075205"]
[BlackFideId "36068829"]
[EventDate "2020.05.16"]

1. e4 e5 2. Nf3 Nc6 3. Bb5 a6 4. Ba4 Nf6 5. O-O Be7 6. d4 b5 7. Bb3 d6 8. c3 O-O
9. h3 Bb7 10. Re1 h6 11. Nbd2 Re8 12. Nf1 Bf8 13. Ng3 g6 14. Nh2 Bg7 15. Ng4
Nxg4 16. Qxg4 Kh7 17. Bxf7 Qf6 18. Bxe8 Rxe8 19. d5 Na5 20. b3 c6 21. dxc6 Bxc6
22. Be3 d5 23. exd5 Bxd5 24. Rad1 Bc6 25. Ne4 Qf5 26. Nd6 Qxg4 27. hxg4 Rf8 28.
Bc5 Rf4 29. f3 h5 30. gxh5 gxh5 31. Kf2 h4 32. Be3 Rf8 33. Bb6 Nb7 34. Nxb7 Bxb7
35. Rd7 Ba8 36. Rxe5 Kg6 37. Ree7 Bxc3 38. Bd4 Bxd4+ 39. Rxd4 h3 40. gxh3 Rxf3+
41. Ke2 Rxh3 42. Rd6+ Kf5 43. Rxa6 Bf3+ 44. Kf2 Be4 45. Rf7+ Ke5 46. Raa7 Rh2+
47. Ke3 Rh3+ 48. Kd2 b4 49. Rae7+ Kd5 50. Rd7+ Kc5 51. Rfe7 Bb1 52. Re3 Rh2+ 53.
Re2 Rh3 54. Kc1 Bg6 55. Kb2 Bd3 56. Rd2 Bb5 57. Rc2+ Kb6 58. Rd6+ Ka5 59. a4
bxa3+ 60. Kxa3 Re3 61. Rc7 Ba6 62. Ra7 Kb5 63. Raxa6 Re1 64. Rab6+ Kc5 65. b4+
Kc4 66. Rdc6+ Kd3 67. Ka4 Ra1+ 68. Kb5 Kd4 69. Rd6+ Ke5 70. Rdc6 Kd5 71. Rc5+
Kd4 72. Rd6+ Ke4 73. Kc6 Rb1 74. b5 Kf4 75. b6 Ke4 76. b7 Kf4 77. Kc7 Ke4 78.
b8=Q Rh1 79. Qe8+ Kf4 80. Rc4+ Kf3 81. Rd3+ Kf2 82. Rc2+ 1-0

[Event "ch-FRA Blitz Online Qual"]
[Site "Europe-Chess INT"]
[Date "2020.05.16"]
[Round "5"]
[White "Sahetchian, Armand"]
[Black "Rebut, Paul"]
[Result "1/2-1/2"]
[WhiteElo "2117"]
[BlackElo "1966"]
[WhiteFideId "607150"]
[BlackFideId "45111057"]
[EventDate "2020.05.16"]

1. b3 Nf6 2. Bb2 g6 3. f4 Bg7 4. Nf3 O-O 5. e3 d5 6. Be2 c5 7. O-O Nc6 8. Qe1
Re8 9. Qh4 Ne4 10. Bxg7 Kxg7 11. d3 Nf6 12. h3 Nb4 13. Bd1 d4 14. e4 b6 15. a3
Nc6 16. Nbd2 Bb7 17. Ng5 Rh8 18. f5 Ne5 19. Qg3 Qd6 20. Kh1 Rad8 21. Be2 b5 22.
a4 a6 23. axb5 axb5 24. Ra7 Bc6 25. h4 Ra8 26. Rxa8 Rxa8 27. h5 c4 28. fxg6 hxg6
29. bxc4 bxc4 30. hxg6 fxg6 31. Kg1 c3 32. Ndf3 Nxf3+ 33. Qxf3 Rf8 34. Qh3 Bd7
35. Qh4 Rh8 36. Qxh8+ Kxh8 37. Nf7+ Kg7 38. Nxd6 exd6 39. Re1 Ba4 40. Rc1 Nd7
41. Kf2 Kf6 42. Bd1 Nc5 43. Ra1 Ke5 44. Kf3 d5 45. exd5 Kxd5 46. Kf4 Ke6 47.
Bg4+ Kf6 48. Ra2 g5+ 49. Kg3 Ke5 50. Bf3 Kf6 51. Kg4 Kg6 52. Kg3 Kf6 53. Bd5 Kg6
54. Kf3 Kf5 55. g4+ Ke5 56. Bc4 Kf6 57. Bd5 Ke5 58. Be4 Kf6 59. Ke2 Ke5 60. Bf5
Kf4 61. Kd1 Ke3 62. Be4 Kf2 63. Kc1 Ke2 64. Bf5 Ke3 65. Kd1 Kf2 66. Ra1 Ke3 67.
Rb1 Kf4 68. Rb6 Ke3 69. Rg6 Kf4 70. Rg8 Bb5 71. Rc8 Na4 72. Rb8 Bc6 73. Rb4 Nb2+
74. Ke2 Ke5 75. Rb8 Ba4 76. Re8+ Kf4 77. Re4+ Kg3 78. Rxd4 Bxc2 79. Rd8 Bd1+ 80.
Ke1 Bxg4 81. Bxg4 Kxg4 82. Rc8 Nxd3+ 83. Ke2 Nf4+ 84. Ke3 Kg3 85. Rg8 g4 86. Rf8
c2 87. Kd2 Kf3 88. Kxc2 g3 89. Kd1 g2 90. Rg8 Kf2 91. Rg7 Nh5 92. Rxg2+ Kxg2 1/2-1/2

[Event "ch-FRA Blitz Online Qual"]
[Site "Europe-Chess INT"]
[Date "2020.05.16"]
[Round "5"]
[White "Capouilliet, Sylvain"]
[Black "Bressy, Theo"]
[Result "1/2-1/2"]
[BlackTitle "FM"]
[WhiteElo "1821"]
[BlackElo "2289"]
[WhiteFideId "660337"]
[BlackFideId "26022842"]
[EventDate "2020.05.16"]

1. d4 d5 2. c4 c6 3. Nc3 Nf6 4. Nf3 dxc4 5. a4 Bf5 6. e3 e6 7. Bxc4 Bb4 8. O-O
O-O 9. Ne5 Nbd7 10. f4 Nxe5 11. fxe5 Ne4 12. Nxe4 Bxe4 13. Rf4 Bg6 14. Bd3 c5
15. Bxg6 hxg6 16. Bd2 g5 17. Rg4 Bxd2 18. Qxd2 Qe7 19. Qf2 f6 20. Qg3 Rf7 21.
Rf1 Rd8 22. exf6 gxf6 23. h4 Rg7 24. hxg5 fxg5 25. Qe5 Rd5 26. Qe4 cxd4 27. exd4
b6 28. Rc1 Qd7 29. b4 Qd6 30. b5 Qd7 31. Rc6 e5 32. dxe5 Rd1+ 33. Kf2 Qd2+ 34.
Qe2 Rf7+ 35. Rf6 Rxf6+ 36. exf6 Qxe2+ 37. Kxe2 Rd5 38. Ke3 Kf7 39. Ke4 Rc5 40.
Kd4 Kxf6 41. Re4 Rc7 42. g4 Rd7+ 43. Kc4 Rc7+ 44. Kd4 Rd7+ 45. Kc4 Rc7+ 46. Kd4 1/2-1/2